000 00375 a2200157 4500
001 108851
041 _apor
090 _aDVD 0154
245 1 0 _aCurious George rocket ride and other adventures!
250 _a. ed.
300 _a1 dvd (108 min.)
697 _aDVD Infantil
040 _aBR-BrIDEA
_cBR-BrIDEA
260 _a[S.l.]
_bUniversal Pictures
_c2008
942 _cCF
999 _c108851
_d108851